000 00664nam a2200217 u 4500
005 20240228064205.0
008 150223s2007 r 000 0 eng d
020 _a9788478718764
035 _aUPN01000201998
049 _aI
050 4 _aPZ78
_bM5.6
100 1 _aMillán, José Antonio,
_d1954-
_937686
245 1 0 _aQuasibolo :
_bla vida casi normal del señor de la señal /
_cJosé Antonio Millán.
260 _aBarcelona, Esp. :
_bRBA Libros,
_c2007.
300 _a62 p.
_bil. col.
440 0 _aSerres
650 4 _aLibros y lectura para niños
_92290
650 7 _aLibros ilustrados para niños
_2
_921365
905 _aInfantil
999 _c174099
_d174099